| 000 | 00546nam a2200217 a 4500 | ||
|---|---|---|---|
| 999 |
_c4887 _d4887 |
||
| 001 | 4887 | ||
| 003 | BD-JhCC | ||
| 005 | 20171205091505.0 | ||
| 008 | 171205s1986 e a|||| || | 001 0 eng d | ||
| 035 | _a(BD-JhCC)4887 | ||
| 040 |
_aBD-JhCC _dBD-JhCC |
||
| 041 | _aeng | ||
| 082 |
_a359.00947 _bSOV 1986 |
||
| 245 |
_aThe Soviet Navy / _cBruce W. Watson |
||
| 260 |
_aLondon : _bArms and Armour Press, _c1986. |
||
| 300 |
_a333 p. : _c23 cm. |
||
| 504 | _aBibliography | ||
| 650 | _aSoviet Union | ||
| 700 | _aWatson, Susan M. | ||
| 942 |
_2ddc _cBK |
||